Mapovanie procesov na procesory v multiprocesorovom systéme = Mapping process to processor in multiprocessing system : Dipl.práca

Gespeichert in:
Bibliographische Detailangaben
1. Verfasser: Zubaj, Peter (Verfasst von)
Weitere Verfasser: Dado, Boris (Betreuung Doktorarbeit)
Format: Manuskript Buch
Sprache:Slowakisch
Veröffentlicht: Bratislava : STU v Bratislave FEI, 1998
Schlagworte:
Tags: Tag hinzufügen
Keine Tags, Fügen Sie das erste Tag hinzu!

MARC

LEADER 00000ntm a22000003a 4500
001 stu50334
005 20160719164703.3
008 990719s1998------------------------slo-d
040 |a STU  |b slo 
041 0 |a slo 
100 1 |a Zubaj, Peter  |4 aut 
245 1 |a Mapovanie procesov na procesory v multiprocesorovom systéme = Mapping process to processor in multiprocessing system :  |b Dipl.práca 
260 |a Bratislava :  |b STU v Bratislave FEI,  |c 1998 
300 |a 64 s., disketa 
650 7 |a informatika  |2 stusub 
700 1 |a Dado, Boris  |4 ths  |u E220  |U FEI Fakulta elektrotechniky a informatiky  |T FEI Katedra informatiky a výpočtovej techniky  |U E220  |Y 69 
996 |b EDIPL-5797  |c I*DIPL-5797  |l II680  |s A  |a 24  |w stu50334_0001